Statistics for Minecraft Championship Winners

Click here to take the quiz!

General Stats

  • This quiz has been taken 231 times
  • The average score is 19 of 36

Answer Stats

Mcc numberWInner% Correct
Mcc 8Technoblade
91%
Mcc 4Technoblade
91%
Mcc 8Dream
90%
Mcc 4Tommyinnit
77%
Mcc 4Philza
76%
Mcc 4Wilbur Soot
74%
Mcc 1kingburren
69%
Mcc 8KingBurren
69%
Mcc 1michaelmcchill
66%
Mcc 8Michaelmcchill
66%
Mcc 9Fruitberries
62%
Mcc 6Fruitberries
62%
Mcc 9Hbomb94
62%
Mcc 2hbomb94
62%
Mcc 7Hbomb94
62%
Mcc 5Quig
62%
Mcc 2quig
62%
Mcc 1karacorvus
58%
Mcc 6Fundy
56%
Mcc 5Shubble
56%
Mcc 9Falsesymmetry
55%
Mcc 3PeteZaHutt
51%
Mcc 7Petezahutt
51%
Mcc 3Vikkstar123
49%
Mcc 9Rendog
46%
Mcc 3Smajor1995
46%
Mcc 7The Eret
46%
Mcc 1krtzyy
45%
Mcc 2Ryguy
43%
Mcc 7fWhip
39%
Mcc 5Seapeekay
37%
Mcc 5DangthatsaLongName
21%
Mcc 3ShubbleYT
16%
Mcc 2MiniMukaYT
14%
Mcc 6BitzelYT
13%
Mcc 6Captainpuufy
3%

Score Distribution

Percentile by Number Answered

Percent of People with Each Score

Your Score History

You have not taken this quiz